Zwei unbekannte Texte Max Webers

Saved in:
Bibliographic Details
Main Author: Schluchter, Wolfgang (Author)
Format: Article (Journal)
Language:German
Published: 2005
In: Kölner Zeitschrift für Soziologie und Sozialpsychologie
Year: 2005, Volume: 57, Issue: 1, Pages: 135-138
ISSN:0023-2653
Online Access: Get full text
Author Notes:Wolfgang Schluchter

MARC

LEADER 00000caa a2200000 c 4500
001 1621532011
003 DE-627
005 20220815124437.0
007 tu
008 071204s2005 xx ||||| 00| ||ger c
035 |a (DE-627)1621532011 
035 |a (DE-576)274884267 
035 |a (DE-599)BSZ274884267 
035 |a (OCoLC)1341041227 
040 |a DE-627  |b ger  |c DE-627  |e rakwb 
041 |a ger 
084 |a 14  |2 sdnb 
084 |a 1  |2 ssgn 
100 1 |a Schluchter, Wolfgang  |d 1938-  |0 (DE-588)120230763  |0 (DE-627)080540031  |0 (DE-576)213119323  |4 aut 
245 1 0 |a Zwei unbekannte Texte Max Webers  |c Wolfgang Schluchter 
264 1 |c 2005 
300 |a 4 
336 |a Text  |b txt  |2 rdacontent 
337 |a ohne Hilfsmittel zu benutzen  |b n  |2 rdamedia 
338 |a Band  |b nc  |2 rdacarrier 
773 0 8 |i In  |t Kölner Zeitschrift für Soziologie und Sozialpsychologie  |d Wiesbaden : Springer VS, 1948  |g 57(2005), 1, Seite 135-138  |w (DE-627)129473812  |w (DE-600)202951-0  |w (DE-576)01485158X  |x 0023-2653  |7 nnas  |a Zwei unbekannte Texte Max Webers 
773 1 8 |g volume:57  |g year:2005  |g number:1  |g pages:135-138  |g extent:4  |a Zwei unbekannte Texte Max Webers 
935 |a mteo 
951 |a AR 
992 |a 20121022 
993 |a Article 
994 |a 2005 
998 |g 120230763  |a Schluchter, Wolfgang  |m 120230763:Schluchter, Wolfgang  |d 180000  |d 180600  |e 180000PS120230763  |e 180600PS120230763  |k 0/180000/  |k 1/180000/180600/  |p 1  |x j  |y j 
999 |a KXP-PPN1621532011  |e 3240836599 
BIB |a Y 
SER |a journal 
JSO |a {"name":{"displayForm":["Wolfgang Schluchter"]},"relHost":[{"id":{"eki":["129473812"],"zdb":["202951-0"],"issn":["0023-2653"]},"title":[{"title_sort":"Kölner Zeitschrift für Soziologie und Sozialpsychologie","title":"Kölner Zeitschrift für Soziologie und Sozialpsychologie","subtitle":"KZfSS"}],"part":{"issue":"1","year":"2005","extent":"4","pages":"135-138","text":"57(2005), 1, Seite 135-138","volume":"57"},"language":["ger"],"disp":"Zwei unbekannte Texte Max WebersKölner Zeitschrift für Soziologie und Sozialpsychologie","origin":[{"publisher":"Springer VS ; Westdt. Verl. ; Westdt. Verl. ; Westdt. Verl. ; VS Verl. für Sozialwiss.","dateIssuedDisp":"1948-","dateIssuedKey":"1948","publisherPlace":"Wiesbaden ; Köln ; Opladen ; Wiesbaden ; Opladen ; Wiesbaden"}],"person":[{"family":"Wiese","role":"fon","display":"Wiese, Leopold von","given":"Leopold von"}],"corporate":[{"role":"isb","display":"Forschungsinstitut für Sozial- und Verwaltungswissenschaften"},{"display":"Universität zu Köln","role":"isb"}],"titleAlt":[{"title":"KZfSS"},{"title":"Kölner Zeitschrift für Soziologie"}],"recId":"129473812","note":["Repr.: New York, NY : Johnson; Bad Feilnbach : Schmidt","Beteil. Körp. bis 1961: Forschungsinstitut für Sozial- und Verwaltungswissenschaften; teils: Forschungsinstitut für Soziologie an der Universität Köln"],"type":{"bibl":"periodical"},"pubHistory":["1.1948/49(1948) -"]}],"person":[{"role":"aut","family":"Schluchter","display":"Schluchter, Wolfgang","given":"Wolfgang"}],"physDesc":[{"extent":"4 S."}],"language":["ger"],"type":{"bibl":"article-journal"},"origin":[{"dateIssuedKey":"2005","dateIssuedDisp":"2005"}],"recId":"1621532011","id":{"eki":["1621532011"]},"title":[{"title":"Zwei unbekannte Texte Max Webers","title_sort":"Zwei unbekannte Texte Max Webers"}]} 
SRT |a SCHLUCHTERZWEIUNBEKA2005